| 000 | 02135nam a2200397 i 4500 | ||
|---|---|---|---|
| 001 | ebr10829424 | ||
| 003 | CaPaEBR | ||
| 006 | m o d | ||
| 007 | cr cn||||||||| | ||
| 008 | 120830t20132013dcuac ob 001 0 eng|d | ||
| 020 | _z9781555815073 (pbk. : alk. paper) | ||
| 020 | _a9781555818586 (e-book) | ||
| 040 |
_aCaPaEBR _beng _erda _epn _cCaPaEBR |
||
| 035 | _a(OCoLC)869095180 | ||
| 050 | 1 | 4 |
_aQR359 _b.B66 2013eb |
| 082 | 0 | 4 |
_a616.9/101 _223 |
| 100 | 1 | _aBooss, John. | |
| 245 | 1 | 0 |
_aTo catch a virus / _cJohn Booss, and Marilyn J. August. |
| 264 | 1 |
_aWashington, DC : _bASM Press, _c[2013] |
|
| 264 | 4 | _c�2013 | |
| 300 |
_a1 online resource (394 pages) : _billustrations (some color), color portraits |
||
| 336 |
_atext _2rdacontent |
||
| 337 |
_acomputer _2rdamedia |
||
| 338 |
_aonline resource _2rdacarrier |
||
| 504 | _aIncludes bibliographical references and index. | ||
| 505 | 0 | _aFear or terror on every countenance : yellow fever -- Of mice and men : animal models of virus infection -- Filling the churchyard with corpses : smallpox and the immune response -- What can be seen : from viral inclusion bodies to electron microscopy -- The turning point : cytopathic effect in tissue culture -- A torrent of viral isolates : the early years of diagnostic virology -- Imaging viruses and tagging their antigens -- Immunological memory : ingenuity and serendipity -- To the barricades : the molecular revolution. | |
| 588 | _aDescription based on print version record. | ||
| 590 | _aElectronic reproduction. Palo Alto, Calif. : ebrary, 2014. Available via World Wide Web. Access may be limited to ebrary affiliated libraries. | ||
| 650 | 0 |
_aVirology _xHistory. |
|
| 655 | 0 | _aElectronic books. | |
| 700 | 1 | _aAugust, Marilyn J. | |
| 710 | 2 | _aAmerican Society for Microbiology. | |
| 776 | 0 | 8 |
_iPrint version: _aBooss, John. _tTo catch a virus. _dWashington, DC : ASM Press, [2013] _hxxvii, 364 pages _z9781555815073 _w(DNLM)101591437 _w(DLC)10829424 |
| 797 | 2 | _aebrary. | |
| 856 | 4 | 0 |
_uhttp://site.ebrary.com/lib/rucke/Doc?id=10829424 _zAn electronic book accessible through the World Wide Web; click to view |
| 999 |
_c84938 _d84938 |
||